2019 music hits - Statistics

General Stats
  • This quiz has been taken 2,007 times
  • The average score is 8 of 15
Answer Stats
Song Name Answer % Correct
7 rings Ariana Grande
95%
Bad Guy Billie Eilish
89%
Girls Like You Maroon 5
85%
Sicko Mode Travis Scott
69%
Sucker Jonas Brothers
67%
Sweet but Psycho Ava Max
66%
Happier Marshmello and Bastille
66%
Wow Post Malone
58%
Without Me Halsey
57%
Talk Khalid
43%
Thotiana Blueface
36%
Middle Child J. Cole
35%
Be Alright Dean Lewis
34%
Close to Me Ellie Goulding
21%
Beautiful Crazy Luke Combs
16%
No matching quizzes found
Score Distribution
Percent of People with Each Score
Percentile by Number Answered
Your Score History
You have not taken this quiz